|
|
|
|
| LEADER |
00000nam0a2200000 4500 |
| 001 |
295944 |
| 005 |
20231102000846.0 |
| 035 |
|
|
|a (RuTPU)RU\TPU\book\321036
|
| 090 |
|
|
|a 295944
|
| 100 |
|
|
|a 20150526d1982 m y0rusy50 ca
|
| 101 |
1 |
|
|a rus
|c fre
|
| 102 |
|
|
|a RU
|
| 105 |
|
|
|a y z 000zy
|
| 200 |
1 |
|
|a Административная наука
|e пер. с фр.
|f Р. Драго
|
| 210 |
|
|
|a Москва
|c Прогресс
|d 1982
|
| 215 |
|
|
|a 245 с.
|
| 606 |
1 |
|
|a Административное право
|x Зарубежные страны
|2 stltpush
|3 (RuTPU)RU\TPU\subj\71169
|9 85194
|
| 610 |
1 |
|
|a право
|
| 610 |
1 |
|
|a история
|
| 610 |
1 |
|
|a государственное управление
|
| 610 |
1 |
|
|a центральные органы управления
|
| 610 |
1 |
|
|a местное управление
|
| 610 |
1 |
|
|a административная система
|
| 610 |
1 |
|
|a государственные службы
|
| 610 |
1 |
|
|a Франция
|
| 610 |
1 |
|
|a Англия
|
| 610 |
1 |
|
|a 20 век
|
| 686 |
|
|
|a Х81
|v LBC/SL-A
|2 rubbk
|
| 700 |
|
1 |
|a Драго
|b Р.
|g Ролан
|
| 801 |
|
1 |
|a RU
|b 63413507
|c 20150526
|
| 801 |
|
2 |
|a RU
|b 63413507
|c 20170110
|g RCR
|
| 942 |
|
|
|c BK
|